| 000 | 00999nam a2200289 a 4500 | ||
|---|---|---|---|
| 003 | MX-MxUPN | ||
| 005 | 20220623120920.0 | ||
| 008 | 190607s2011 mx rb 000 0 spa d | ||
| 020 | _a9786074776379 (UAM) | ||
| 020 | _a9786079124632 (EÓN) | ||
| 035 | _aUPN01000231098 | ||
| 040 |
_aMX-MxUPN _bspa _cMX-MxUPN |
||
| 041 | 0 | _aspa | |
| 050 | 4 |
_aLC92 M6 _bS5.5 |
|
| 245 | 0 | 3 |
_aEl sindicalismo magisterial y la definición de políticas públicas en la educación básica en México / _ccomp. Norma Ilse Veloz Ávila. |
| 250 | _aPrimera edición. | ||
| 260 |
_aMéxico, D.F. : _bUAM, Unidad Azcapotzalco : _bEón, _c2011. |
||
| 300 | _a255 páginas | ||
| 490 | 0 | _aLibros temáticos de El Cotidiano | |
| 490 | 0 | _aEón sociales | |
| 504 | _aIncluye referencias bibliográficas. | ||
| 650 | 4 |
_aEducación _xAspectos políticos _zMéxico _91455 |
|
| 650 | 4 |
_aSindicatos de maestros _zMéxico _91680 |
|
| 700 | 1 |
_aVeloz Ávila, Norma Ilse _943519 _ecomp. |
|
| 905 | _aLibro | ||
| 999 |
_c203193 _d203193 |
||